000 00809nam a2200205Ia 4500
003 GCL
008 140319s9999 xx 000 0 ara d
020 _a742270977
040 _aGCL /
_cGCL
082 0 4 _aق
_b027.46211
_bش م
100 1 _aشعبان عبدالعزيز خليفة
245 1 0 _aمكتبة الاسكندرية القديمة ومشروع احيائها فى الوقت الحاضر /
_cشعبان عبدالعزيز خليفة
250 _aالاولى
260 _aالقاهرة :
_bالدار المصرية اللبنانية ،
_c2002
300 _a269 ص ؛
_c24 سم
650 0 4 _aمكتبة الاسكندرية القديمة
650 0 4 _aالمكتبات - الاسكندرية
650 0 4 _aمكتبة الاسكندرية القديمة - تاريخ
942 _2ddc
_cBK
999 _c5177
_d5177